|
|
|
|
| LEADER |
00000nam0a2200000 4500 |
| 001 |
47395 |
| 005 |
20231031030057.0 |
| 010 |
|
|
|a 5211001303
|
| 035 |
|
|
|a (RuTPU)RU\TPU\book\49495
|
| 090 |
|
|
|a 47395
|
| 100 |
|
|
|a 20030206d1988 m y0rusy50 ca
|
| 101 |
0 |
|
|a rus
|
| 102 |
|
|
|a RU
|
| 105 |
|
|
|a a j 001zy
|
| 200 |
1 |
|
|a Гидрогеохимия
|e учебное пособие
|f К. Е. Питьева
|
| 205 |
|
|
|a 2-е изд., доп. и перераб.
|
| 210 |
|
|
|a Москва
|c Изд-во МГУ
|d 1988
|
| 215 |
|
|
|a 315 с.
|c ил.
|
| 320 |
|
|
|a Библиогр.: с. 313-314.
|
| 610 |
1 |
|
|a геология
|
| 610 |
1 |
|
|a гидрогеология
|
| 610 |
1 |
|
|a гидрогеологические исследования
|
| 610 |
1 |
|
|a гидрогеохимия
|
| 610 |
1 |
|
|a воды подземные
|
| 610 |
1 |
|
|a химический состав
|
| 610 |
1 |
|
|a региональные проблемы
|
| 610 |
1 |
|
|a прикладные методы
|
| 610 |
1 |
|
|a учебные пособия
|
| 675 |
|
|
|a 556.314(075.8)
|v 3
|
| 700 |
|
1 |
|a Питьева
|b К. Е.
|g Клара Ефимовна
|
| 801 |
|
1 |
|a RU
|b 63413507
|c 20030206
|g PSBO
|
| 801 |
|
2 |
|a RU
|b 63413507
|c 20200904
|g PSBO
|
| 942 |
|
|
|c BK
|